Dispositivo fotovoltaicos a partir de polimeros conductores
Збережено в:
| Автор: | |
|---|---|
| Інші автори: | |
| Формат: | Книга |
| Опубліковано: |
[San José, Costa Rica]
2010
|
| Предмети: | |
| Теги: |
Додати тег
Немає тегів, Будьте першим, хто поставить тег для цього запису!
|
MARC
| LEADER | 00000nam a2200000Ia 4500 | ||
|---|---|---|---|
| 003 | 010458 | ||
| 005 | 20240405101427.0 | ||
| 008 | 140114s2010 cr a 000 ||s d | ||
| 040 | |c cru CEDI | ||
| 090 | |a TFG 6341 | ||
| 100 | |a Naranjo Esquivel, Karen , 1987- |9 2905 | ||
| 245 | |a Dispositivo fotovoltaicos a partir de polimeros conductores | ||
| 260 | |a [San José, Costa Rica] |c 2010 | ||
| 500 | |a Proyecto de graduación (bachillerato en ingeniería eléctrica)--Universidad de Costa Rica. Facultad de Ingeniería. Escuela de Ingeniería Eléctrica | ||
| 501 | |a Profesor Guía de IE-0502 Proyecto Eléctrico: Ing. Max Alberto Ruiz Arrieta | ||
| 650 | |x SISTEMAS DE ENERGIA FOTOVOLTAICA |x DISTRIBUCION DE ENERGIA ELECTRICA |x CONDUCTORES ELECTRICOS |x TRANSMISION DE POTENCIA |9 2635 | ||
| 700 | |a Ruiz Arrieta, Max Alberto, 1981- |d Director del Proyecto Eléctrico |9 2073 | ||
| 942 | |c TFG |h TFG 6341 |i 010458 |6 TFG_6341_010458000000000 | ||
| 999 | |c 15864 |d 15864 | ||
